[Event "Rethymno op 3rd"]
[Site "Rethymno"]
[Date "2011.07.11"]
[Round "1"]
[White "Syfantos, Nikolaos"]
[Black "Yilmaz, Mustafa"]
[Result "0-1"]
[WhiteElo "1768"]
[BlackElo "2519"]
[PlyCount "44"]
[EventDate "2011.07.11"]
[EventType "swiss"]
[EventRounds "9"]
[EventCountry "GRE"]
[SourceTitle "CBM 143 Extra"]
[Source "ChessBase"]
[SourceDate "2011.08.29"]
[SourceVersion "1"]
[SourceVersionDate "2011.08.29"]
[SourceQuality "1"]

1. Nf3 Nf6 2. g3 d5 3. Bg2 c6 4. 0-0 Bf5 5. d3 e6 6. Nbd2 Be7 7. c4 Nbd7 8. Re1 0-0 9. Nh4 Bg4 10. h3 Bh5 11. Nb3 dxc4 12. dxc4 Ne5 13. Qc2 Nfd7 14. Nf3 Nxf3+ 15. Bxf3 Bg6 16. Be4 f5 17. Bd3 e5 18. e4 f4 19. Bd2 Nc5 20. Nxc5 Bxc5 21. gxf4 exf4 22. Bf1 Qh4 0-1

[Event "Ambelokipi op 089th"]
[Site "Athens"]
[Date "2008.09.22"]
[Round "5"]
[White "Stamiris, Gerasimos"]
[Black "Syfantos, Nikolaos"]
[Result "1/2-1/2"]
[WhiteElo "1921"]
[BlackElo "1834"]
[PlyCount "54"]
[EventDate "2008.09.06"]
[EventType "swiss"]
[EventRounds "6"]
[EventCountry "GRE"]
[SourceTitle "EXT 2024"]
[Source "ChessBase"]
[SourceDate "2023.10.10"]
[SourceVersion "1"]
[SourceVersionDate "2023.10.10"]
[SourceQuality "1"]

1. d4 d5 2. Nf3 c6 3. c3 Bf5 4. Bg5 h6 5. Bh4 Nd7 6. Nbd2 Ngf6 7. e3 e6 8. Ne5 Be7 9. f4 Nxe5 10. fxe5 Ne4 11. Bxe7 Qxe7 12. Nf3 Bg4 13. Be2 Bxf3 14. Bxf3 0-0-0 15. 0-0 f5 16. exf6 Nxf6 17. Qd3 e5 18. Qf5+ Nd7 19. Bg4 exd4 20. exd4 Rhf8 21. Rae1 Qxe1 22. Rxe1 Rxf5 23. Bxf5 Rf8 24. Rf1 Kd8 25. Bxd7 Rxf1+ 26. Kxf1 Kxd7 27. Ke2 Ke6 1/2-1/2

[Event "Ambelokipi op 87th"]
[Site "Athens"]
[Date "2008.05.31"]
[Round "7"]
[White "Syfantos, Nikolaos"]
[Black "Avgoustinatos, Vasilios"]
[Result "0-1"]
[WhiteElo "1866"]
[BlackElo "1918"]
[PlyCount "54"]
[EventDate "2008.05.10"]
[EventType "swiss"]
[EventRounds "7"]
[EventCountry "GRE"]
[SourceTitle "EXT 2010"]
[Source "ChessBase"]
[SourceDate "2010.11.25"]
[SourceVersion "1"]
[SourceVersionDate "2010.11.25"]
[SourceQuality "1"]

1. d4 Nf6 2. Bg5 Ne4 3. Bf4 g6 4. f3 Nf6 5. e4 Bg7 6. Nc3 c5 7. dxc5 Qa5 8. Qd2 0-0 9. 0-0-0 Rd8 10. g4 Nc6 11. Kb1 d6 12. cxd6 Be6 13. Nd5 Qa4 14. b3 Qa3 15. Qc1 Qc5 16. Be3 Nxd5 17. exd5 Qc3 18. Bd4 Nxd4 19. Rd3 Qc5 20. dxe6 Rxd6 21. exf7+ Kf8 22. c3 Rc8 23. Ne2 Nxb3 24. axb3 Rxd3 25. Nf4 Rd6 26. Bc4 Qb6 27. Re1 Rxc4 0-1

[Event "Ambelokipi op 74th"]
[Site "Athens"]
[Date "2006.12.23"]
[Round "7"]
[White "Divaris, Kimon"]
[Black "Syfantos, Nikolaos"]
[Result "1/2-1/2"]
[WhiteElo "2172"]
[BlackElo "1854"]
[PlyCount "94"]
[EventDate "2006.12.06"]
[EventType "swiss"]
[EventRounds "7"]
[EventCountry "GRE"]
[SourceTitle "EXT 2008"]
[Source "ChessBase"]
[SourceDate "2007.11.25"]
[SourceVersion "1"]
[SourceVersionDate "2007.11.25"]
[SourceQuality "1"]

1. d4 d6 2. c4 e5 3. e3 Nf6 4. Nc3 Be7 5. Bd3 0-0 6. Nf3 exd4 7. exd4 d5 8. Ne5 c6 9. 0-0 Be6 10. b3 Nbd7 11. h3 Nxe5 12. dxe5 Nd7 13. Qh5 g6 14. Qe2 Qa5 15. cxd5 cxd5 16. Nb5 Nc5 17. Bd2 Qb6 18. Nd4 Nxd3 19. Qxd3 Bc5 20. Be3 Rac8 21. Rac1 Rc7 22. a3 Rfc8 23. b4 Bxd4 24. Bxd4 Qa6 25. Qxa6 bxa6 26. Rxc7 Rxc7 27. Bc5 a5 28. Bd6 Rb7 29. bxa5 Rb5 30. g4 h5 31. g5 Bxh3 32. Rc1 d4 33. Rd1 Rd5 34. Kh2 Bf5 35. Kg3 d3 36. Kf4 h4 37. f3 d2 38. Bb4 h3 39. Kg3 Bc2 40. Rxd2 Rxd2 41. Bxd2 Bf5 42. a6 Bc8 43. Be3 Bxa6 44. Bxa7 Bc8 45. Bg1 Kf8 46. Kf4 Ke7 47. a4 Kd7 1/2-1/2

[Event "Ambelokipi op 74th"]
[Site "Athens"]
[Date "2006.12.20"]
[Round "6"]
[White "Syfantos, Nikolaos"]
[Black "Kosmas Lekkas, Dimitrios"]
[Result "1/2-1/2"]
[WhiteElo "1854"]
[BlackElo "2011"]
[PlyCount "72"]
[EventDate "2006.12.06"]
[EventType "swiss"]
[EventRounds "7"]
[EventCountry "GRE"]
[SourceTitle "EXT 2008"]
[Source "ChessBase"]
[SourceDate "2007.11.25"]
[SourceVersion "1"]
[SourceVersionDate "2007.11.25"]
[SourceQuality "1"]

1. Nf3 Nf6 2. g3 g6 3. b4 Bg7 4. Bb2 0-0 5. Bg2 d6 6. 0-0 e5 7. d3 c6 8. Nbd2 h6 9. c4 Nfd7 10. Qb3 a5 11. a3 Qe7 12. e3 Kh7 13. Qc2 f5 14. e4 f4 15. b5 g5 16. Bh3 Nf6 17. Bf5+ Bxf5 18. exf5 c5 19. Ne4 Nbd7 20. h3 b6 21. g4 Rh8 22. Kg2 Kg8 23. Qe2 Re8 24. Rh1 Nxe4 25. dxe4 Bf6 26. Rad1 Rd8 27. Nd2 Qf7 28. Nb1 Be7 29. Nc3 Nf6 30. f3 Kg7 31. Bc1 Rh7 32. Nd5 Nxd5 33. exd5 Bf6 34. Qe4 Rdh8 35. Rh2 h5 36. Rdh1 h4 1/2-1/2

[Event "Ambelokipi op 72nd"]
[Site "Athens"]
[Date "2006.10.07"]
[Round "1"]
[White "Poteas, Ioannis"]
[Black "Syfantos, Nikolaos"]
[Result "1-0"]
[WhiteElo "2169"]
[BlackElo "1854"]
[PlyCount "85"]
[EventDate "2006.10.12"]
[EventType "swiss"]
[EventRounds "7"]
[EventCountry "GRE"]
[SourceTitle "EXT 2008"]
[Source "ChessBase"]
[SourceDate "2007.11.25"]
[SourceVersion "1"]
[SourceVersionDate "2007.11.25"]
[SourceQuality "1"]

1. d4 d6 2. e4 Nf6 3. Nc3 e5 4. dxe5 dxe5 5. Qxd8+ Kxd8 6. Bc4 Be6 7. Bxe6 fxe6 8. Be3 Bb4 9. 0-0-0+ Ke7 10. Nge2 a6 11. f3 Nc6 12. a3 Bd6 13. Na4 b5 14. Nc5 Bxc5 15. Bxc5+ Kf7 16. Rdf1 Rhd8 17. g4 Nd4 18. Bxd4 exd4 19. Nf4 c5 20. g5 Nd7 21. h4 Ne5 22. h5 c4 23. Rfg1 h6 24. gxh6 gxh6 25. Ng6 Nxg6 26. Rxg6 Rh8 27. e5 Rag8 28. Rf6+ Ke7 29. Rd1 Rg5 30. f4 Rxh5 31. Rxd4 Rh1+ 32. Kd2 Rg8 33. Rd6 Rg2+ 34. Kc3 Rh3+ 35. Kb4 Rxc2 36. Rfxe6+ Kf7 37. Rf6+ Ke7 38. Rxa6 Rxb2+ 39. Kc5 c3 40. Ra7+ Ke8 41. Kd6 Rd2+ 42. Ke6 c2 43. Re7+ 1-0

[Event "Nikaia op 14th"]
[Site "Nikaia"]
[Date "2006.08.??"]
[Round "6"]
[White "Stratigopoulos, Sotirios"]
[Black "Syfantos, Nikolaos"]
[Result "1-0"]
[WhiteElo "1500"]
[BlackElo "1854"]
[PlyCount "55"]
[EventDate "2006.08.??"]
[EventType "swiss"]
[EventRounds "9"]
[EventCountry "GRE"]
[SourceTitle "EXT 2008"]
[Source "ChessBase"]
[SourceDate "2007.11.25"]
[SourceVersion "1"]
[SourceVersionDate "2007.11.25"]
[SourceQuality "1"]

1. c4 c6 2. Nc3 d5 3. cxd5 cxd5 4. d4 e5 5. dxe5 d4 6. Ne4 Qa5+ 7. Bd2 Qxe5 8. Ng3 Nc6 9. Nf3 Qd5 10. e4 dxe3 11. Bxe3 Nf6 12. Qe2 Be7 13. a3 Bg4 14. Rd1 Bxf3 15. gxf3 Qe6 16. Qc4 Qxc4 17. Bxc4 0-0 18. Nf5 Rfe8 19. Rg1 Nh5 20. Nh6+ Kf8 21. Nxf7 Bc5 22. Ng5 Bxe3 23. Nxh7+ Ke7 24. fxe3 Rad8 25. Rxd8 Kxd8 26. Kf2 Rh8 27. Ng5 Nf6 28. Nf7+ 1-0

[Event "Heraclion op 10th"]
[Site "Athens"]
[Date "2006.06.14"]
[Round "5"]
[White "Syfantos, Nikolaos"]
[Black "Kostopoulos, Evaggelos"]
[Result "0-1"]
[WhiteElo "1847"]
[BlackElo "2086"]
[PlyCount "44"]
[EventDate "2006.06.10"]
[EventType "swiss"]
[EventRounds "9"]
[EventCountry "GRE"]
[SourceTitle "CBM 112 Extra"]
[Source "ChessBase"]
[SourceDate "2006.07.14"]
[SourceVersion "1"]
[SourceVersionDate "2006.07.14"]
[SourceQuality "1"]

1. d4 d5 2. Nf3 e6 3. e3 Nf6 4. Bd3 Be7 5. Nbd2 0-0 6. 0-0 c5 7. c3 Nc6 8. dxc5 Bxc5 9. e4 e5 10. Qe2 Bg4 11. exd5 Nxd5 12. Nb3 Bb6 13. h3 Bh5 14. g4 Bg6 15. Bxg6 fxg6 16. Ng5 Qf6 17. Qc4 Rad8 18. Ne4 Qf3 19. Bg5 Kh8 20. Rad1 Nf4 21. Bxf4 Rxd1 22. Bg3 Rxf1+ 0-1

[Event "Heraclion op 10th"]
[Site "Athens"]
[Date "2006.06.11"]
[Round "2"]
[White "Goumas, Georgios"]
[Black "Syfantos, Nikolaos"]
[Result "1-0"]
[WhiteElo "2121"]
[BlackElo "1847"]
[PlyCount "49"]
[EventDate "2006.06.10"]
[EventType "swiss"]
[EventRounds "9"]
[EventCountry "GRE"]
[SourceTitle "CBM 112 Extra"]
[Source "ChessBase"]
[SourceDate "2006.07.14"]
[SourceVersion "1"]
[SourceVersionDate "2006.07.14"]
[SourceQuality "1"]

1. e4 c6 2. d4 d5 3. Nd2 dxe4 4. Nxe4 Bf5 5. Ng3 Bg6 6. h4 h6 7. Nf3 Nd7 8. h5 Bh7 9. Bd3 Bxd3 10. Qxd3 Ngf6 11. Bf4 e6 12. 0-0-0 Qa5 13. Kb1 Nd5 14. Bd2 Qc7 15. c4 N5f6 16. Rhe1 0-0-0 17. Bc3 Bd6 18. Ne4 Nxe4 19. Qxe4 Nf6 20. Qc2 Nxh5 21. c5 Be7 22. Qa4 Qb8 23. Ne5 Rd5 24. Ba5 Rf8 25. Nxc6 1-0

[Event "Ambelokipi op 66th"]
[Site "Athens"]
[Date "2005.12.30"]
[Round "4"]
[White "Syfantos, Nikolaos"]
[Black "Bozinakis, Pavlos"]
[Result "0-1"]
[WhiteElo "1872"]
[BlackElo "2058"]
[PlyCount "116"]
[EventDate "2005.09.18"]
[EventType "swiss"]
[EventRounds "5"]
[EventCountry "GRE"]
[SourceTitle "EXT 2007"]
[Source "ChessBase"]
[SourceDate "2006.11.23"]
[SourceVersion "1"]
[SourceVersionDate "2006.11.23"]
[SourceQuality "1"]

1. Nf3 Nf6 2. g3 d5 3. Bg2 Bg4 4. 0-0 c6 5. d3 Bxf3 6. Bxf3 e5 7. Nd2 Nbd7 8. b3 Bc5 9. Bb2 Qe7 10. Bg2 Rd8 11. c4 dxc4 12. bxc4 0-0 13. Nb3 Bb6 14. a4 Nc5 15. a5 Nxb3 16. Qxb3 Bc5 17. a6 Rb8 18. Qc2 Qd6 19. Ra2 b6 20. Qa4 Rbc8 21. Rd1 Rfe8 22. e3 Qe6 23. Bc3 b5 24. Qc2 e4 25. d4 Qxc4 26. Ba5 Qxc2 27. Rxc2 Bb6 28. Bxb6 axb6 29. Ra1 Rc7 30. a7 Ra8 31. Rca2 Nd5 32. Ra6 f5 33. g4 g6 34. Kf1 Kf7 35. R6a3 Ke6 36. Ke1 b4 37. Ra6 b3 38. Rb1 Raxa7 39. Rxa7 Rxa7 40. Rxb3 h5 41. gxf5+ gxf5 42. f3 Ra2 43. fxe4 Rxg2 44. exd5+ Kxd5 45. Rxb6 Rxh2 46. Rb8 Ke4 47. Re8+ Kd3 48. Re5 Re2+ 49. Kd1 Rxe3 50. Rxf5 Rh3 51. Kc1 Kxd4 52. Rf4+ Kc3 53. Rf1 c5 54. Kb1 Kb3 55. Rc1 c4 56. Rf1 c3 57. Kc1 Rh2 58. Kd1 Kb2 0-1